| 000 | 00347nam a2200133Ia 4500 | ||
|---|---|---|---|
| 008 | 240624s9999 xx 000 0 und d | ||
| 041 | _aeng | ||
| 082 | _a658.4092 HIG | ||
| 100 | _aHIGSON PHIL | ||
| 245 | _aUNCOMMON LEADERSHIP HOW TO BUILD COMPETI | ||
| 260 |
_c2014 _aNew Delhi _bKogan Page |
||
| 300 | _axii, 237 p.; 23 cm. | ||
| 365 |
_cBPS _b30 |
||
| 999 |
_c30041 _d30041 |
||